Statistics for Finish the Song Lyric

Click here to take the quiz!

General Stats

  • This quiz has been taken 1,837 times
  • The average score is 6 of 15

Answer Stats

HintAnswer% Correct
Gangnam ______ (PSY)style
97%
Starships they're meant to fly, hands up and _____ ___ ___ (Nicki Minaj)touch the sky
83%
My friends are in the ________ getting higher than the empire state (Fun)bathroom
68%
Your stare was holding, _______ _____ skin was showing (Carly Rae Jepson)ripped jeans
67%
But you didn't have to ___ __ ___, make out like it never happened and we are nothing (Gotye ft Kimbra)cut me off
57%
Make doesn't kill you makes you stronger, stand a little taller, doesn't mean I'm ______ ____ ___ _____ (Kelly Clarkson)lonely when i'm alone
51%
I've wasted my nights, you turned out the lights now I'm ________ (Maroon5)paralyzed
41%
On the other side of a ______ I knew, stood a girl who looked like you (Train)street
36%
Say my name and every colour illuminates, we are _______ and we'll never be afraid again (Florence and the Machine)shining
13%
When the sun sets baby __ ___ _____, I get that drunk sex feeling yeah when I'm with you (Rita Ora)on the avenue
12%
Looking for someone, someone who can ______ __, love me all night long (Rihanna)please me
9%
think I've finally had enough, I think I _____ _____ too much (Pink)maybe think
8%
We didn't want to call it too early, but now it seems a _____ _____ (Example)world away
4%
Everything you see aint alwaya what it seems. I've been ________ for so long (Katy Perry)dreaming
3%
Hey, I can be the answer, I'm ready to dance when the ____ up (Azealia Banks)vamp
2%

Score Distribution

Percentile by Number Answered

Percent of People with Each Score

Your Score History

You have not taken this quiz